Sprzęty RTV i AGD w domu - Statystyki

Ogólne statystyki
  • Ten quiz został rozwiązany 227 razy
    61 od ostatniego zresetowania
  • Średni wynik to 19 z 46
Statystyki odpowiedzi
Odpowiedź: % Poprawnych
Lodówka
89%
Pralka
89%
Suszarka
86%
Suszarka do włosów
86%
Suszarka na pranie
86%
Telewizor
86%
Kuchenka mikrofalowa
83%
Komputer
75%
Zmywarka
72%
Kuchenka
69%
Piekarnik
69%
Laptop
64%
Mikser
61%
Blender
58%
Prostownica
58%
Lokówka
53%
Toster
50%
Odkurzacz
47%
Głośnik
44%
Ekspres do kawy
42%
Opiekacz do kanapek
42%
Żelazko
39%
Lampa
36%
Gofrownica
33%
Robot Kuchenny
33%
Myszka
31%
Słuchawki
31%
Czajnik elektryczny
28%
Golarka
28%
Frytkownica
25%
Klawiatura
25%
Szczoteczka elektryczna
22%
Mikrofon
19%
Płyta indukcyjna
19%
Zegar
19%
Sokowirówka
14%
Waga łazienkowa
14%
Depilator
11%
Soundbar
6%
Wiatrak
6%
Klimatyzator
3%
Deska do prasowania
0%
Nawilżacz powietrza
0%
Oczyszczacz powietrza
0%
Router WIFI
0%
Strzyżarka
0%
Nie znaleziono quizów pasujących do podanych kryteriów
Rozkład punktacji
Procent ludzi z każdym wynikiem
Percentyl według liczby udzielonych odpowiedzi
Twoja historia wyników
Nie rozwiązałeś tego quizu od ostatniego zresetowania